Quiz sur Paris - Statistiques

Statistiques générales
  • Ce quiz a été pris 394 fois
  • Le résultat moyen est 20 sur 30
Statistiques - réponses
Question Réponse % Correct
Musée avec une grande pyramide en verre au milieu Louvre
95%
Grand monument de Paris qui a brulé en 2019 Notre Dame
92%
Célèbre tour en métal Tour Eiffel
92%
Plus grande avenue du monde Champs Elysées
91%
Nom de la société de transport en commun de Paris RATP
90%
Mairesse actuelle Anne Hidalgo
89%
Musée de avec personnalités en cire Musée Grévin
89%
Stade du PSG Parc des princes
85%
Monument situé au bout de la plus grande avenue du monde sur lequel est inscrit des noms de batailles Arc de Triomphe
84%
Célèbre lieu de cabarets Moulin Rouge
84%
Lieu où reposent les « grands hommes » de la Nation Panthéon
84%
Quartier des affaires de Paris Quartier de la défense
83%
Célèbre prison détruite lors de la Révolution La Bastille
82%
Cimetière réunissant de nombreuses personnalités décédés dont Jim Morrison Cimetière du Père-Lachaise
77%
Plus grand bois de Paris Bois de Vincennes
75%
Célèbres bateaux de la Seine Bateaux mouches
72%
Architecte qui a refait Paris sous l'impulsion de Napoléon III Haussmann
71%
Palais où vit le Président de la République française Palais de l'Elysée
67%
Lieu où siège le Premier ministre Matignon
63%
Seule ville jumelée avec Paris Rome
63%
Qui chanta la chanson « Les Champs Elysées » ? Joe Dassin
58%
Plus grand cinéma de Paris Le Grand Rex
58%
Quartier des artistes à Paris Montmartre
53%
Quartier où se situe le ministère des finances Bercy
39%
Maire de Paris avec le mandat le plus long Jacques Chirac
38%
Pont des amoureux aux cadenas Pont des arts
37%
Musée contenant le tableau "Autoportrait" de Van Gogh Musée d'Orsay
34%
Chaine des restauration française basée à Paris qui propose de la nourriture traditionnelle Le Bouillon
29%
Nombre de musées à Paris 143
5%
Plus vieux hôtel de Paris Hôtel Meurice
3%
Aucun quiz correspondant
Distribution des résultats
% des personnes avec chaque résultat
Percentile par nombre de réponses
Votre historique - résultats
Vous n’avez pas pris ce quiz